000 00606nam a22002057a 4500
999 _c6227
_d6227
003 GBCCL
005 20241126110558.0
008 180504b ||||| |||| 00| 0 eng d
020 _a0802880266
040 _cgbc
082 _a230.42
_bCAL
100 _aCalvin, John
_d1509 - 1564
_911171
245 _aInstitutes of the Christian religion /
_cTranslated by Henry Beveridge
250 _aReprinted
260 _aMichigan:
_bWM. B. Eerdmans,
_c1983
300 _a582 p.;
_c21 cm.
650 _aReformed Church
_vDoctrines
_xEarly works to 1800
_911172
650 _aTheology, Doctrinal
_914
942 _2ddc
_cBK